[Event "Spring Tournament 2016 1500-2400"]
[Site "SchemingMind.com"]
[Date "2016.05.12"]
[Round "-"]
[White "Phillip Beckett"]
[Black "emvarela"]
[Result "1-0"]
[WhiteCountry "ENG"]
[BlackCountry "ARG"]
[WhiteElo "1549"]
[WhiteRD "51"]
[BlackElo "1693"]
[BlackRD "50"]
[GameID "399137"]

1. e4 e5 2. Nf3 Nc6 3. Bb5 a6 4. Bxc6 dxc6 5. d4 exd4 6. Qxd4 Qxd4 7. Nxd4 Bd6 8. Be3 Be5 9. c3 Bxd4 10. Bxd4 f6
11. Nd2 Ne7 12. O-O-O Be6 13. b3 b6 14. c4 c5 15. Be3 Kf7 16. f3 Rhd8 17. Nb1 Nc6 18. Rxd8 Rc8 19. Rxc8 Bxc8 20. Nc3 Nb4
21. Kb2 Nd3+ 22. Kc2 Nb4+ 23. Kb2 Nd3+ 24. Kc2 Nb4+ 25. Kb1 Be6 26. Rd1 g5 27. Nd5 Nxd5 28. exd5 Bf5+ 29. Kb2 Bd7 30. Bf2 h5
31. Bg3
1-0

[Event "Spring Tournament 2016 1500-2400"]
[Site "SchemingMind.com"]
[Date "2016.05.12"]
[Round "-"]
[White "emvarela"]
[Black "Scooter"]
[Result "0-1"]
[WhiteCountry "ARG"]
[BlackCountry "USA"]
[WhiteElo "1695"]
[WhiteRD "48"]
[BlackElo "1745"]
[BlackRD "53"]
[GameID "399138"]

1. e4 c6 2. d4 d5 3. exd5 cxd5 4. c4 Nf6 5. Nc3 e6 6. Nf3 Be7 7. Bg5 O-O 8. cxd5 Nxd5 9. Bxe7 Nxe7 10. Be2 a6
11. O-O b5 12. b4 Nd5 13. Nxd5 Qxd5 14. Qb3 Qxb3 15. axb3 Bb7 16. Rac1 Nc6 17. Rfd1 Nxb4 18. Rc7 Bd5 19. Ne5 Rfc8 20. Rdc1 Rxc7
21. Rxc7 f6 22. Nd3 Nxd3 23. Bxd3 Bxb3 24. Be4 Rd8 25. Rc6 Rxd4 26. Bf3 Bd5 27. Rc8+ Kf7 28. h3 Bxf3 29. gxf3 a5 30. Rc7+ Kg6
31. Rc5 Rb4 32. Kg2 a4 33. Kg3 a3 34. Rc1 Rb2
0-1

[Event "Spring Tournament 2016 1500-2400"]
[Site "SchemingMind.com"]
[Date "2016.05.12"]
[Round "-"]
[White "Scooter"]
[Black "emvarela"]
[Result "1-0"]
[WhiteCountry "USA"]
[BlackCountry "ARG"]
[WhiteElo "1745"]
[WhiteRD "53"]
[BlackElo "1695"]
[BlackRD "48"]
[GameID "399139"]

1. d4 d6 2. Nf3 Nf6 3. Bf4 g6 4. e3 Bg7 5. Be2 O-O 6. O-O Bd7 7. Nbd2 c5 8. c3 Bc6 9. h3 Nbd7 10. c4 Qc7
11. Rb1 Bxf3 12. Nxf3 cxd4 13. exd4 Nb6 14. b3 Nfd7 15. Bg5 f6 16. Bf4 e5 17. dxe5 Nxe5 18. Nd4 Rfe8 19. Nb5 Qd7 20. Qxd6 Qxd6
21. Nxd6 Re7 22. Bxe5 Rxe5 23. Bf3 Rb8 24. Nxb7 a5 25. Rbd1 Re7 26. Rd8+ Rxd8 27. Nxd8 Rd7 28. Nc6 Rd2 29. Nxa5 Rxa2 30. b4 Bf8
31. c5 Nc8 32. Bd5+ Kg7 33. Bxa2
1-0

[Event "Spring Tournament 2016 1500-2400"]
[Site "SchemingMind.com"]
[Date "2016.05.13"]
[Round "-"]
[White "emvarela"]
[Black "hmvais"]
[Result "0-1"]
[WhiteCountry "ARG"]
[BlackCountry "ARG"]
[WhiteElo "1695"]
[WhiteRD "48"]
[BlackElo "2023"]
[BlackRD "92"]
[GameID "399140"]

1. e4 e5 2. Nf3 Nf6 3. d4 Nc6 4. Bb5 Nxe4 5. O-O Be7 6. Qe2 f5 7. Bxc6 dxc6 8. dxe5 O-O 9. Rd1 Qe8 10. Bd2 Qg6
11. Bf4 Qg4 12. Bg3 Be6 13. Nd4 Qxe2 14. Nxe2 Rad8 15. Nbc3 Nxc3 16. Nxc3 Rxd1+ 17. Rxd1 f4 18. Bxf4 Rxf4 19. g3 Rf5 20. f4 g5
21. Rf1 gxf4 22. gxf4 Bc5+
0-1

[Event "Spring Tournament 2016 1500-2400"]
[Site "SchemingMind.com"]
[Date "2016.05.12"]
[Round "-"]
[White "hmvais"]
[Black "emvarela"]
[Result "1-0"]
[WhiteCountry "ARG"]
[BlackCountry "ARG"]
[WhiteElo "2023"]
[WhiteRD "92"]
[BlackElo "1695"]
[BlackRD "48"]
[GameID "399141"]

1. c4 c5 2. Nc3 Nf6 3. e4 e6 4. d3 a6 5. e5 Ng8 6. Nf3 Nc6 7. Be3 d5 8. cxd5 exd5 9. d4 c4 10. Be2 Bb4
11. a3 Bxc3+ 12. bxc3 Be6 13. O-O Nge7 14. Ng5 h6 15. Nxe6 fxe6 16. Qb1 Nf5 17. Bh5+ Ke7 18. Qxb7+ Qd7 19. Qb6 Qa7 20. Qxc6 Nxe3
21. Qd6#
1-0

[Event "Spring Tournament 2016 1500-2400"]
[Site "SchemingMind.com"]
[Date "2016.05.12"]
[Round "-"]
[White "emvarela"]
[Black "fanfan_la_Tulipe"]
[Result "0-1"]
[WhiteCountry "ARG"]
[BlackCountry "AUT"]
[WhiteElo "1728"]
[WhiteRD "49"]
[BlackElo "2085"]
[BlackRD "86"]
[GameID "399142"]

1. e4 e5 2. Nf3 Nc6 3. Bb5 a6 4. Bxc6 dxc6 5. O-O Qd6 6. d3 Ne7 7. a3 c5 8. Be3 Bg4 9. h3 Bh5 10. Nbd2 Nc6
11. c3 Qxd3 12. Rc1 O-O-O 13. Nb3 Qxd1 14. Rcxd1 Rxd1 15. Rxd1 Bxf3 16. gxf3 b6 17. f4 Be7 18. f5 Rd8 19. Rxd8+ Kxd8 20. f4 Bd6
21. fxe5 Nxe5 22. Nd2 Nd3 23. b4 cxb4 24. axb4 Be5 25. Nb1 Kd7 26. Kf1 Kc6 27. Ke2 Nb2 28. Kd2 Nc4+ 29. Kd3 Nxe3 30. Kxe3 a5
31. bxa5 bxa5 32. Kd3 Kc5 33. Na3 a4 34. Nc2 Bf4 35. Nb4 a3 36. Na2 f6 37. c4 Be5 38. h4 h5
0-1

[Event "Spring Tournament 2016 1500-2400"]
[Site "SchemingMind.com"]
[Date "2016.05.12"]
[Round "-"]
[White "fanfan_la_Tulipe"]
[Black "emvarela"]
[Result "1-0"]
[WhiteCountry "AUT"]
[BlackCountry "ARG"]
[WhiteElo "2149"]
[WhiteRD "85"]
[BlackElo "1693"]
[BlackRD "50"]
[GameID "399143"]

1. Nf3 d5 2. c4 d4 3. g3 c5 4. b4 e6 5. Bb2 b6 6. bxc5 bxc5 7. Bg2 Bb7 8. O-O Nc6 9. d3 Rb8 10. Na3 a6
11. Nc2 Qc7 12. e3 Nf6 13. exd4 cxd4 14. Ncxd4 Nxd4 15. Bxd4 Bxf3 16. Bxf3 Be7 17. Qa4+ Kd8 18. Bc3 Bc5 19. Ba5 Bb6 20. Rab1 Ke7
21. Qb4+ Qc5 22. Bxb6 Qxb4 23. Rxb4
1-0

[Event "Spring Tournament 2016 1500-2400"]
[Site "SchemingMind.com"]
[Date "2016.05.11"]
[Round "-"]
[White "emvarela"]
[Black "Stephen Woodhouse"]
[Result "0-1"]
[WhiteCountry "ARG"]
[BlackCountry "ENG"]
[WhiteElo "1695"]
[WhiteRD "48"]
[BlackElo "1875"]
[BlackRD "53"]
[GameID "399144"]

1. e4 d5 2. exd5 Qxd5 3. Nc3 Qd6 4. d4 Nf6 5. Nf3 c6 6. Be3 Bg4 7. h3 Bh5 8. Be2 Nbd7 9. Qd2 e5 10. dxe5 Nxe5
11. Nxe5 Qxe5 12. O-O-O Bxe2 13. Qxe2 Bb4 14. Bd4 Qxe2 15. Nxe2 O-O-O 16. Bxf6 gxf6 17. Rxd8+ Rxd8 18. c3 Bc5 19. f3 Be3+ 20. Kb1 Rd2
21. Re1 Bf2
0-1

[Event "Spring Tournament 2016 1500-2400"]
[Site "SchemingMind.com"]
[Date "2016.05.11"]
[Round "-"]
[White "Stephen Woodhouse"]
[Black "emvarela"]
[Result "0-1"]
[WhiteCountry "ENG"]
[BlackCountry "ARG"]
[WhiteElo "1860"]
[WhiteRD "54"]
[BlackElo "1693"]
[BlackRD "50"]
[GameID "399145"]

1. e4 e5 2. Nf3 Nc6 3. d4 exd4 4. Nxd4 Nxd4 5. Qxd4 Qf6 6. Be3 Qxd4 7. Bxd4 d6 8. Nc3 c6 9. O-O-O Ne7 10. Bd3 Be6
11. f4 f6 12. Rhe1 Bg4 13. Be2 Bxe2 14. Nxe2 c5 15. Bf2 O-O-O 16. Nc3 a6 17. Nd5 Nxd5 18. Rxd5 Be7 19. c4 Rd7 20. Red1 Rhd8
21. Kc2 Kc7 22. Be1 Kc6 23. Bc3 b5 24. cxb5+ axb5 25. b3 b4 26. Be1 Ra8 27. Kb2 Rda7 28. Ra1 g5 29. fxg5 fxg5 30. g4 Rf8
31. Kc2 Rf4 32. Rf5 Rxe4 33. Rf7 Rxg4 34. Rxh7 Bf6 35. Rxa7 Bxa1 36. Bg3 Be5 37. Bxe5 dxe5 38. a4 Rg2+ 39. Kd3 Rxh2 40. Ke4 Rb2
41. Kxe5 Rxb3 42. a5 Ra3 43. Rg7 Rxa5 44. Rg6+ Kb5 45. Rxg5 b3 46. Rg8 Kb4 47. Kd5 b2 48. Kc6 Ka3 49. Rg3+ Ka2 50. Rg2 Ka1
0-1

[Event "Spring Tournament 2016 1500-2400"]
[Site "SchemingMind.com"]
[Date "2016.05.13"]
[Round "-"]
[White "emvarela"]
[Black "Robert Bruce"]
[Result "0-1"]
[WhiteCountry "ARG"]
[BlackCountry "SCO"]
[WhiteElo "1695"]
[WhiteRD "48"]
[BlackElo "2258"]
[BlackRD "65"]
[GameID "399146"]

1. e4 c6 2. d4 d5 3. Nc3 dxe4 4. Nxe4 Bf5 5. Ng3 Bg6 6. Nf3 Nd7 7. h4 h6 8. h5 Bh7 9. Bd3 Ngf6 10. Bf4 Nd5
11. Be3 Nxe3 12. fxe3 e6 13. Bxh7 Rxh7 14. Qd3 Qa5+ 15. c3 Rh8 16. Kf2 O-O-O 17. b4 Qc7 18. Rhd1 Nf6 19. Nh2 Bd6 20. e4 Bxg3+
0-1

[Event "Spring Tournament 2016 1500-2400"]
[Site "SchemingMind.com"]
[Date "2016.05.13"]
[Round "-"]
[White "Robert Bruce"]
[Black "emvarela"]
[Result "1-0"]
[WhiteCountry "SCO"]
[BlackCountry "ARG"]
[WhiteElo "2258"]
[WhiteRD "65"]
[BlackElo "1695"]
[BlackRD "48"]
[GameID "399147"]

1. d4 Nf6 2. Nf3 g6 3. Bg5 Bg7 4. Nbd2 d6 5. e4 O-O 6. c3 Bg4 7. h3 Bxf3 8. Qxf3 Nbd7 9. Bc4 c6 10. O-O Nb6
11. Bb3 h6 12. Bf4 Re8 13. Qe3 g5 14. Bh2 d5 15. e5 Nfd7 16. e6 Nf6 17. g4 fxe6 18. f4 Qd7 19. fxg5 hxg5 20. Qxg5 Rf8
21. Bc2 Rf7 22. Qg6 Raf8 23. Rxf6
1-0

[Event "Spring Tournament 2016 1500-2400"]
[Site "SchemingMind.com"]
[Date "2016.05.12"]
[Round "-"]
[White "emvarela"]
[Black "William Lindberg"]
[Result "0-1"]
[WhiteCountry "ARG"]
[BlackCountry "USA"]
[WhiteElo "1695"]
[WhiteRD "48"]
[BlackElo "2392"]
[BlackRD "70"]
[GameID "399148"]

1. e4 c5 2. Nf3 Nc6 3. d4 cxd4 4. Nxd4 e5 5. Nxc6 bxc6 6. Bc4 Nf6 7. Bg5 Qa5+ 8. c3 Nxe4 9. Be3 d5 10. b4 Bxb4
0-1

[Event "Spring Tournament 2016 1500-2400"]
[Site "SchemingMind.com"]
[Date "2016.05.12"]
[Round "-"]
[White "William Lindberg"]
[Black "emvarela"]
[Result "1-0"]
[WhiteCountry "USA"]
[BlackCountry "ARG"]
[WhiteElo "2415"]
[WhiteRD "70"]
[BlackElo "1693"]
[BlackRD "50"]
[GameID "399149"]

1. c4 c5 2. Nf3 Nf6 3. Nc3 Nc6 4. e3 e5 5. Be2 d6 6. d4 cxd4 7. exd4 exd4 8. Nxd4 Nxd4 9. Qxd4 Be6 10. O-O Be7
11. b3 O-O 12. Bf3 Qd7 13. Bb2 Rfd8 14. Rad1 Rab8 15. Qxa7 Ra8 16. Qxb7 Qxb7 17. Bxb7 Ra7 18. Bf3 Bg4 19. Bxg4 Nxg4 20. a4 Bf6
21. Nb5 Rad7 22. Bxf6 Nxf6 23. Rd4 d5 24. c5 Rc8 25. b4 Ne4 26. Re1 f5 27. f3 Nf6 28. Nd6 Rcd8 29. b5 Kf8 30. b6 g6
31. a5
1-0

[Event "Spring Tournament 2016 1500-2400"]
[Site "SchemingMind.com"]
[Date "2016.05.12"]
[Round "-"]
[White "emvarela"]
[Black "Ed Mason"]
[Result "1-0"]
[WhiteCountry "ARG"]
[BlackCountry "WLS"]
[WhiteElo "1695"]
[WhiteRD "48"]
[BlackElo "1622"]
[BlackRD "108"]
[GameID "399150"]

1. e4 e5 2. Nf3 Nc6 3. Bb5 a6 4. Bxc6 dxc6 5. O-O Bc5 6. d3 Bg4 7. h3 Bh5 8. Bg5 f6 9. Bh4 g5 10. Bg3 Bd6
11. Nbd2
1-0

[Event "Spring Tournament 2016 1500-2400"]
[Site "SchemingMind.com"]
[Date "2016.05.11"]
[Round "-"]
[White "Ed Mason"]
[Black "emvarela"]
[Result "0-1"]
[WhiteCountry "WLS"]
[BlackCountry "ARG"]
[WhiteElo "1593"]
[WhiteRD "112"]
[BlackElo "1712"]
[BlackRD "48"]
[GameID "399151"]

1. e4 e5 2. Nf3 Nc6 3. Bb5 a6 4. Bxc6 dxc6 5. d3 Bg4 6. O-O Nf6 7. Bg5 h6 8. Bh4 Be7 9. h3 Bxf3 10. Qxf3 Nd7
11. Bxe7 Qxe7 12. Nc3 Qf6 13. Qxf6 Nxf6 14. f4 exf4 15. Rxf4 O-O 16. Raf1 Rad8 17. g4 Nd7 18. h4 f6 19. Ne2 g5 20. hxg5 hxg5
21. Rf5 Ne5 22. Rxf6 Rxf6 23. Rxf6 Rd6 24. Rxd6 cxd6 25. Kg2 Nxg4 26. Kg3 Ne3 27. c4 Kg7 28. Nd4 Kf6 29. Kf3 Nd1 30. Kg4 Nxb2
31. Nf5 Nxd3 32. Nxd6 Ne5+ 33. Kg3 b5 34. cxb5 axb5
0-1